Loading...
Nashta bodhangal /
| Main Author: | |
|---|---|
| Format: | Printed Book |
| Language: | Malayalam |
| Published: |
Kozhikode:
Alhuda book stall:
|
| Subjects: |
| LEADER | 00513nam a2200157Ia 4500 | ||
|---|---|---|---|
| 008 | 150624b xxu||||| |||| 00| f mal d | ||
| 999 | |c 97991 |d 97991 | ||
| 082 | |a 853.3P1 | ||
| 100 | |a Prameela Nair | ||
| 245 | |c Prameela Nair |a Nashta bodhangal / | ||
| 260 | |a Kozhikode: |b Alhuda book stall: | ||
| 300 | |a 97p. |c 17cm. | ||
| 546 | |a In Malayalam. | ||
| 650 | |v Malayalam fiction | ||
| 942 | |c BK | ||
| 952 | |0 0 |1 0 |4 0 |6 853_000000000000000_3P1_NAS_M |7 0 |9 97416 |a UL |b UL |c ST1 |d 2013-02-06 |l 1 |o 853.3P1 NAS M |p 52600 |r 2013-02-16 |s 2013-02-06 |y BK | ||